The Torah in 12 Languages Quiz Stats

 Plays Quiz not verified by Sporcle

Score 0/12 Timer 08:00
0 Plays Today
% Correct
English
98%
Hebrew
88.2%
Greek
80.4%
Russian
80.4%
French
45.1%
Latin
39.2%
Spanish
23.5%
German
17.6%
Portuguese
15.7%
Albanian
5.9%
Tagalog
3.9%
Romanian
3.9%

You're not logged in!

Compare scores with friends on all Sporcle quizzes.
OR
Log In

Show Comments

Extras

Top Quizzes Today


Score Distribution

Your Account Isn't Verified!

In order to create a playlist on Sporcle, you need to verify the email address you used during registration. Go to your Sporcle Settings to finish the process.

Report this User

Report this user for behavior that violates our Community Guidelines.

Details: